The sorrow of Belgium / (Record no. 87)
[ view plain ]
| 000 -LEADER | |
|---|---|
| fixed length control field | 00619cam a22002298x 4500 |
| 001 - CONTROL NUMBER | |
| control field | 1848316 |
| 008 - FIXED-LENGTH DATA ELEMENTS--GENERAL INFORMATION | |
| fixed length control field | 911212r19911990enk 00001 eng b |
| 015 ## - NATIONAL BIBLIOGRAPHY NUMBER | |
| National bibliography number | b9161981 |
| 020 ## - INTERNATIONAL STANDARD BOOK NUMBER | |
| International Standard Book Number | 0140097155 |
| 020 10 - INTERNATIONAL STANDARD BOOK NUMBER | |
| International Standard Book Number | 0140097155 |
| Terms of availability | m |
| 041 10 - LANGUAGE CODE | |
| Language code of text/sound track or separate title | engdut |
| 082 00 - DEWEY DECIMAL CLASSIFICATION NUMBER | |
| Classification number | 839.31364 |
| Edition information | 20 |
| 100 10 - MAIN ENTRY--PERSONAL NAME | |
| Personal name | Claus, Hugo, |
| Dates associated with a name | 1929- |
| 9 (RLIN) | 86 |
| 240 24 - UNIFORM TITLE | |
| Uniform title | Het Verdriet van Belgie. |
| Language of a work | English |
| 245 14 - TITLE STATEMENT | |
| Title | The sorrow of Belgium / |
| Statement of responsibility, etc. | Hugo Claus ; translated from the Dutch by Arnold J. Pomerans. |
| 260 ## - PUBLICATION, DISTRIBUTION, ETC. | |
| Place of publication, distribution, etc. | London : |
| Name of publisher, distributor, etc. | Penguin, |
| Date of publication, distribution, etc. | 1991. |
| 300 ## - PHYSICAL DESCRIPTION | |
| Extent | 608p |
| Accompanying material | pbk |
| 350 00 - PRICE (NR) (BK AM CF MU VM SE) [OBSOLETE] | |
| Price | £7.99 |
| 942 ## - ADDED ENTRY ELEMENTS (KOHA) | |
| Source of classification or shelving scheme | Dewey Decimal Classification |
| Koha item type | Books |
| 956 ## - LOCAL ELECTRONIC LOCATION AND ACCESS (OCLC) | |
| Host name | NLS |
| Withdrawn status | Lost status | Damaged status | Not for loan | Collection | Home library | Current library | Shelving location | Date acquired | Barcode | Date last seen | Price effective from | Koha item type |
|---|---|---|---|---|---|---|---|---|---|---|---|---|
| Reference | Fairview | Fairview | General stacks | 09/04/2014 | 39999000003598 | 09/04/2014 | 09/04/2014 | Books | ||||
| Reference | Midway | Midway | General stacks | 09/04/2014 | 39999000003574 | 09/04/2014 | 09/04/2014 | Books |